| 000 -Cabecera |
| Campo de control interno |
nas a22 7a 4500 |
| 005 - Fecha y hora de la |
| Campo de control |
20251007133402.0 |
| 008 - Elementos de Longitud Fija - Informaci |
| Elementos de Longitud Fija - Informaci |
2025 b ec ||||| |||| 00| 0 spa d |
| 040 ## - Origen de la Catalogaci |
| Origen de la Catalogaci |
CIDAP |
| 041 ## - Idioma |
| Idioma |
spa |
| 082 ## - DEWEY DECIMAL CLASSIFICATION NUMBER |
| Classification number |
780 |
| 084 ## - Clasificación |
| Número de clasificación |
AP-861 |
| 245 ## - Titulo |
| Titulo |
San Bartolomé, la tierra donde la madera canta |
| 260 ## - Editorial |
| Ciudad |
Cuenca, |
| Nombre de la Editorial |
Diario el Mercurio. Sábado 28 de junio del 2025. Año 100. Edición 38.040 |
| 300 ## - Páginas |
| Extensión |
2A |
| 310 ## - Periodicidad (Diario, Quincenal, Mensual, Semestral, Anual) |
| Periodicidad (Diario, Quincenal, Mensual, Semestral, Anual) |
Diario |
| 520 ## - Resumen |
| Resumen |
Reportaje sobre los artesanos que trabajan en madera y la construcción de guitarras en San Bartolomé, provincia del Azuay, Ecuador. |
| 650 ## - Temas - Descriptores |
| Temas - Descriptores |
ARTESANOS-AZUAY |
| 9 (RLIN) |
274 |
| 650 ## - Temas - Descriptores |
| Temas - Descriptores |
ÁNGEL UYAGUARI |
| 9 (RLIN) |
12880 |
| 650 ## - Temas - Descriptores |
| Temas - Descriptores |
CONSTRUCCIÓN DE GUITARRAS |
| 9 (RLIN) |
12881 |
| 650 ## - Temas - Descriptores |
| Temas - Descriptores |
OSWALDO LANDI |
| 9 (RLIN) |
12882 |
| 650 ## - Temas - Descriptores |
| Temas - Descriptores |
INSTRUMENTOS MUSICALES-ECUADOR |
| 9 (RLIN) |
12883 |
| 856 ## - URL - Dirección web |
| URI/URL |
http://documentacion.cidap.gob.ec:8080/handle/cidap/2230 |
| 942 ## - Elementos de Koha |
| Esquema de Clasificacion |
|
| Tipo de Documento |
Archivo de Prensa |
| Catalogador |
NC |